000 01030cam a22003373a 4500
001 18687
003 PGUSA
005 20140828083410.0
008 060626s2006||||xxu|||||s|||||000 1 eng d
040 _aPGUSA
_beng
042 _adc
050 4 _aPZ
050 4 _aPS
100 1 _aWarner, Susan,
_d1819-1885
245 1 0 _aDaisy
_h[electronic resource] /
_cSusan Warner
260 _bProject Gutenberg,
_c2006
506 _aPublic domain in the USA.
516 _aElectronic text
653 _aAfrican Americans -- Juvenile fiction
653 _aInheritance and succession -- Juvenile fiction
653 _aPlantation life -- Juvenile fiction
653 _aCousins -- Juvenile fiction
653 _aSlavery -- Juvenile fiction
653 _aBildungsromans
653 _aGovernesses -- Juvenile fiction
653 _aConduct of life -- Juvenile fiction
653 _aChristian life -- Juvenile fiction
830 0 _aProject Gutenberg
_v18687
856 4 0 _uhttp://www.gutenberg.org/ebooks/18687
942 _cEB
999 _c247942
_d247942